000 00490nam a2200157Ia 4500
003 GCL
008 140319s9999 xx 000 0 ara d
040 _aGCL /
_cGCL
082 0 4 _a813.01
_bن ل
100 1 _aنجيبة العسال
245 1 0 _aلمسة حنان /
_cنجيبة العسال
260 _a[S.N] :
_bدار الراتب الجامعية
490 _aسلسلة روايات سوفنير الرومانسية
_v0
650 0 4 _aالقصص القصيرة
942 _2ddc
_cBK
999 _c33719
_d33719